Aprender a leer y escribir textos de información (Record no. 17638)

MARC details
000 -LEADER
campo de control de longitud fija 01089nmc a2200361 a 4500
003 - IDENTIFICADOR DE NÚMERO DE CONTROL
campo de control AR-BaBNM
005 - FECHA Y HORA DE LA ÚLTIMA TRANSACCIÓN
campo de control 20251128210946.0
008 - DATOS DE LONGITUD FIJA--INFORMACIÓN GENERAL
campo de control de longitud fija 011101s2000 ||||||||||||||000 | spa||
020 ## - NÚMERO INTERNACIONAL ESTÁNDAR DEL LIBRO
Número Internacional Estándar del Libro 84-7112-436-X
040 ## - FUENTE DE CATALOGACIÓN
Centro/agencia transcriptor AR-BaBNM
100 1# - ENTRADA PRINCIPAL--NOMBRE DE PERSONA
Nombre de persona Wray, David
245 10 - MENCIÓN DEL TÍTULO
Título Aprender a leer y escribir textos de información
260 ## - PUBLICACIÓN, DISTRIBUCIÓN, ETC.
Lugar de publicación, distribución, etc. Madrid
Nombre del editor, distribuidor, etc. Morata
Fecha de publicación, distribución, etc. 2000
300 0# - DESCRIPCIÓN FÍSICA
Extensión 190 p.
Otros detalles físicos gráf., tablas
490 #0 - MENCIÓN DE SERIE
Mención de serie Pedadogía. Manuales
500 0# - NOTA GENERAL
Nota general Contiene índice de autores y materias
504 ## - NOTA DE BIBLIOGRAFÍA, ETC.
Nota de bibliografía, etc. Nota Contiene referencias bibliográficas p. 181-184
650 #4 - PUNTO DE ACCESO ADICIONAL DE MATERIA--TÉRMINO DE MATERIA
Término de materia o nombre geográfico como elemento de entrada ENSENANZA DE LA LECTURA
650 #4 - PUNTO DE ACCESO ADICIONAL DE MATERIA--TÉRMINO DE MATERIA
Término de materia o nombre geográfico como elemento de entrada ENSENANZA DE LA ESCRITURA
650 #4 - PUNTO DE ACCESO ADICIONAL DE MATERIA--TÉRMINO DE MATERIA
Término de materia o nombre geográfico como elemento de entrada PROCESO DE APRENDIZAJE
650 #4 - PUNTO DE ACCESO ADICIONAL DE MATERIA--TÉRMINO DE MATERIA
Término de materia o nombre geográfico como elemento de entrada BUSQUEDA DE INFORMACION
650 #4 - PUNTO DE ACCESO ADICIONAL DE MATERIA--TÉRMINO DE MATERIA
Término de materia o nombre geográfico como elemento de entrada DIFUSION DE LA INFORMACION
650 #4 - PUNTO DE ACCESO ADICIONAL DE MATERIA--TÉRMINO DE MATERIA
Término de materia o nombre geográfico como elemento de entrada ESTUDIOS DE CASOS
653 #0 - TÉRMINO DE INDIZACIÓN--NO CONTROLADO
Término no controlado ENSENANZA DE LA LENGUA
653 #0 - TÉRMINO DE INDIZACIÓN--NO CONTROLADO
Término no controlado TIPOS DE TEXTOS
653 #0 - TÉRMINO DE INDIZACIÓN--NO CONTROLADO
Término no controlado ESTRATEGIAS DIDACTICAS
653 #0 - TÉRMINO DE INDIZACIÓN--NO CONTROLADO
Término no controlado PROYECTOS DE AULA
653 #0 - TÉRMINO DE INDIZACIÓN--NO CONTROLADO
Término no controlado ADAPTACIONES CURRICULARES
653 #0 - TÉRMINO DE INDIZACIÓN--NO CONTROLADO
Término no controlado COMPRENSION LECTORA
700 1# - ENTRADA AGREGADA--NOMBRE PERSONAL
Nombre de persona Lewis, Maureen
700 1# - ENTRADA AGREGADA--NOMBRE PERSONAL
Nombre de persona Filella, Roc
Término indicativo de función/relación traductor
942 ## - ELEMENTOS DE ENTRADA SECUNDARIOS (KOHA)
Tipo de ítem Koha Libros
Holdings
Estatus retirado Estado de pérdida Fuente de la clasificación o esquema de estantería Estado de daño No para préstamo Biblioteca de origen Biblioteca actual Fecha de adquisición Total de préstamos Signatura topográfica completa Código de barras Visto por última vez Precio de reemplazo Tipo de ítem Koha Fuente de adquisición
    Clasificación Decimal Dewey     Liberty Liberty 28/11/2025   372.46 WRA 128410 28/11/2025 28/11/2025 Libros  
    Clasificación Decimal Dewey     Liberty Liberty 28/11/2025   372.46 WRA 128411 28/11/2025 28/11/2025 Libros  
    Clasificación Decimal Dewey     Liberty Liberty 28/11/2025   372.46 WRA 142022 28/11/2025 28/11/2025 Libros C-BP-007